<?xml version="1.0" encoding="UTF-8"?>
<collection xmlns="http://www.loc.gov/MARC21/slim">
  <record>
    <leader>00000nam  2200000   4500</leader>
    <controlfield tag="001">INLIS000000000002243</controlfield>
    <controlfield tag="005">20180724144528</controlfield>
    <controlfield tag="008">180724|||||||||   |   |||   |||| ||   | </controlfield>
    <datafield tag="035" ind1=" " ind2=" ">
      <subfield code="0">010-0718002243</subfield>
    </datafield>
    <datafield tag="041" ind1=" " ind2=" ">
      <subfield code="a">id</subfield>
    </datafield>
    <datafield tag="082" ind1=" " ind2=" ">
      <subfield code="a">R. 06 PIM II 2017</subfield>
    </datafield>
    <datafield tag="090" ind1=" " ind2=" ">
      <subfield code="a">R. 06 PIM II 2017</subfield>
    </datafield>
    <datafield tag="100" ind1=" " ind2=" ">
      <subfield code="a">Mujimi, Achmad</subfield>
    </datafield>
    <datafield tag="245" ind1=" " ind2=" ">
      <subfield code="a">Optimalisasi Pelayanan Pengujian Kendaraan Bermotor Di Dinas Perhubungan, Kota Serang</subfield>
    </datafield>
    <datafield tag="260" ind1=" " ind2=" ">
      <subfield code="a">Jakarta</subfield>
      <subfield code="b">LAN Jakarta</subfield>
      <subfield code="c">2017</subfield>
    </datafield>
    <datafield tag="300" ind1=" " ind2=" ">
      <subfield code="a">vi:, 47 hlm:, 30 cm</subfield>
    </datafield>
    <datafield tag="500" ind1=" " ind2=" ">
      <subfield code="a">Optimalisasi pelayanan pengujian kendaraan bermotor merupakan salah satu upaya memberikan pelayanan prima dan terbaik kepada masyarakat, perubahan pelayanan yang kurang efektif dan efisien menjadi pelayanan yang professional, lebih efektif dan lebih efisien, lebih cepat merupakan langkah awal untuk memberikan kemudahan pelayanan kepada masyarakat.&#13;
Dalam perkembangan ke depan optimalisasi pelayanan pengujian kendaraan bermotor harus bisa membangun opini positif terhadap pelayanan pengujian kendaraan bermotor dengan pelayanan yang prima.</subfield>
    </datafield>
    <datafield tag="650" ind1=" " ind2=" ">
      <subfield code="a">Optimalisasi Pelayanan</subfield>
    </datafield>
  </record>
</collection>
